000 00836cam a22002657a 4500
003 CHAP
005 20220329133309.0
008 971013s r 00010 d
010 _a4530
011 _a5502
035 _a4716
040 _cCHAP
090 _aR-3238
100 0 0 _aWanmali, Sudhir.
_9121026
245 0 _aSpatial intervention, settlement systems and rural development in India
500 _aSobretiro de: The Indian Journal of Geography 62(1): 1-18, 1987
590 _aBATCH-UPD
_b10
_c20130110
_lUCH01
_h0046
590 _aBATCH-UPD
_b10
_c20130110
_lUCH01
_h2248
590 _aCONVERSION
_b10
_c20130109
_lUCH01
_h1304
650 1 4 _aDesarrollo de la comunidad rural
_xIndia.
_932014
650 1 4 _aIndia
_xCondiciones rurales.
_957543
901 _aBK
942 _cREIMP
949 _aR-3238
_bBC
_cR
_d-14263
_eTS1
_i4716
_si
999 _c4530
_d4530